Hijiene [sic] fundamental / (Record no. 167645)

MARC details
000 -LEADER
campo de control de longitud fija 00702nam a22001695i 4500
001 - NÚMERO DE CONTROL
campo de control 167645
003 - IDENTIFICADOR DE NÚMERO DE CONTROL
campo de control ES-MaACL
005 - FECHA Y HORA DE LA ÚLTIMA TRANSACCIÓN
campo de control 20230906213552.0
008 - DATOS DE LONGITUD FIJA--INFORMACIÓN GENERAL
campo de control de longitud fija 011026s1860 sp af |||| | spa d
040 ## - FUENTE DE CATALOGACIÓN
Centro catalogador/agencia de origen CCPB | B
Lengua de catalogación spa
Centro/agencia transcriptor CCPB | B
100 1# - ENTRADA PRINCIPAL--NOMBRE DE PERSONA
Nombre de persona Vinader y Domenech, Francisco.
9 (RLIN) 133778
245 10 - MENCIÓN DEL TÍTULO
Título Hijiene [sic] fundamental /
Mención de responsabilidad, etc. por Francisco Vinader.
260 ## - PUBLICACIÓN, DISTRIBUCIÓN, ETC.
Lugar de publicación, distribución, etc. Palma de Mallorca :
Nombre del editor, distribuidor, etc. [s.n.],
Fecha de publicación, distribución, etc. 1860 (
Fabricante imp. de la v. de Villalonga)
300 ## - DESCRIPCIÓN FÍSICA
Extensión 95 p. ;
Dimensiones 23 cm.
650 #4 - PUNTO DE ACCESO ADICIONAL DE MATERIA--TÉRMINO DE MATERIA
Término de materia o nombre geográfico como elemento de entrada Higiene.
9 (RLIN) 13347
852 ## - LOCALIZACIÓN
Ubicación ES-MaACL
Número de control de estantería T-356-F-17
Nota libre -- Enc. hol.
-- -- Sello de Los Escolares Médicos, Madrid
-- -- Dedic. ms. de Gustavo Saenz Diez a la biblioteca de Los Escolares Médicos
-- -- Enc. en un vol. facticio
Holdings
Estatus retirado Estado de pérdida Estado de daño No para préstamo Colección Biblioteca de origen Biblioteca actual Ubicación en estantería Fecha de adquisición Total de préstamos Signatura topográfica completa Código de barras Visto por última vez Precio de reemplazo Tipo de ítem Koha
        Colección de folletos Biblioteca del Ateneo de Madrid Biblioteca del Ateneo de Madrid Depósito folletos 17/01/2008   T-356-F-17 1175879 23/02/2023 23/02/2023 Folleto